Come Fly With Me Quiz - Statistics

General Stats
  • This quiz has been taken 323 times
  • The average score is 8 of 10
Answer Stats
Hint Answer % Correct
"Keep 'em out" is the motto of which character? Ian Foot
95%
Oma Baba plants how many trees to show his airline's commitment to the environment? One
88%
Who plays Moses Beacon? David Walliams
87%
What isTaaj's favourite film (clue: it hasn't actually come out yet)? Avatar 2
84%
Taaj gives a script to Rupert Grint, asking him to pass it on to.....? Daniel Radcliffe
83%
Happy Burger employee Tommy Reed is from which Home Nation? Scotland
82%
How old is apparent first time passenger Hetty Woolf? 92
78%
Who is Melody Baines' best frend? Keeley St Claire
75%
Mrs Mumbutu is accused by Ian of making up her home country, which is....? Liberia
72%
Penny Carter works for which airline? Great British Air
60%
No matching quizzes found
Score Distribution
Percent of People with Each Score
Percentile by Number Answered
Your Score History
You have not taken this quiz